Capital gains? (Record no. 67741)

MARC details
000 -LEADER
fixed length control field 00996cam a2200229 4500
001 - CONTROL NUMBER
control field WB3728-10
008 - FIXED-LENGTH DATA ELEMENTS--GENERAL INFORMATION
fixed length control field 010718n2001 000 0 eng u
035 ## - SYSTEM CONTROL NUMBER
System control number (Sirsi) u113693
245 ## - TITLE STATEMENT
Title Capital gains?
260 ## - PUBLICATION, DISTRIBUTION, ETC.
Date of publication, distribution, etc. 2001
490 ## - SERIES STATEMENT
Series statement RICS Press Release
Volume/sequential designation (pr096) 18 July 2001
490 ## - SERIES STATEMENT
Series statement London Development Agency Press Release
Volume/sequential designation 17 July 2001, (4)
520 ## - SUMMARY, ETC.
Summary, etc. RICS has advised that the London Development Agency's economic development strategy is too diffused to be effective and suggests that instead the LDA should concentrate on more specific London-wide issues such as the use of the RICS concept of Transport Development Areas. For further information and a copy of the strategy visit the LDA's website, http://www.lda.gov.uk
590 ## - LOCAL NOTE (RLIN)
Local note WB
650 ## - SUBJECT ADDED ENTRY--TOPICAL TERM
Topical term or geographic name entry element ECONOMIC DEVELOPMENT
650 ## - SUBJECT ADDED ENTRY--TOPICAL TERM
Topical term or geographic name entry element LONDON
650 ## - SUBJECT ADDED ENTRY--TOPICAL TERM
Topical term or geographic name entry element SUSTAINABLE DEVELOPMENT
650 ## - SUBJECT ADDED ENTRY--TOPICAL TERM
Topical term or geographic name entry element URBAN REGENERATION
650 ## - SUBJECT ADDED ENTRY--TOPICAL TERM
Topical term or geographic name entry element TRANSPORT DEVELOPMENT AREAS
690 ## - LOCAL SUBJECT ADDED ENTRY--TOPICAL TERM (OCLC, RLIN)
Topical term or geographic name as entry element PROPERTY-PROPERTY DEVELOPMENT
942 ## - ADDED ENTRY ELEMENTS (KOHA)
Suppress in OPAC 0
Holdings
Withdrawn status Lost status Source of classification or shelving scheme Damaged status Not for loan Home library Current library Shelving location Date acquired Total Checkouts Full call number Barcode Date last seen Copy number Price effective from Koha item type
    Dewey Decimal Classification     London London News article 18/07/2001   WB3728-10 113693-1001 06/08/2019 1 06/08/2019 News article